The atoning dyad : (Registro nro. 26547)

Detalles MARC
000 -LEADER
campo de control de longitud fija 02739cam a22004814i 4500
003 - IDENTIFICADOR DE NÚMERO DE CONTROL
campo de control PE-LiUPU
005 - FECHA Y HORA DE LA ÚLTIMA TRANSACCIÓN
campo de control 20250731173049.0
008 - DATOS DE LONGITUD FIJA--INFORMACIÓN GENERAL
campo de control de longitud fija 180104s2016 mau0 rb 000 0 eng d
020 ## - NÚMERO INTERNACIONAL ESTÁNDAR DEL LIBRO
Número Internacional Estándar del Libro 9789004308213
035 ## - NÚMERO DE CONTROL DEL SISTEMA
Número de control de sistema (Sirsi) a240853
040 ## - FUENTE DE CATALOGACIÓN
Centro catalogador/agencia de origen PE-LiUPU
Lengua de catalogación spa
Centro/agencia transcriptor PE-LiUPU
Normas de descripción rda
049 ## - FONDOS LOCALES (OCLC)
Biblioteca depositaria PRUA
082 04 - NÚMERO DE LA CLASIFICACIÓN DECIMAL DEWEY
Número de clasificación 229.913
Cutter O69
Número de edición 23
100 1# - ENTRADA PRINCIPAL--NOMBRE DE PERSONA
Nombre de persona Orlov, Andrei A.,
Término indicativo de función/relación autor.
245 14 - MENCIÓN DEL TÍTULO
Título The atoning dyad :
Resto del título the two goats of Yom Kippur in the Apocalypse of Abraham /
Mención de responsabilidad, etc. Andrei A. Orlov.
264 #1 - PRODUCCIÓN, PUBLICACIÓN, DISTRIBUCIÓN, FABRICACIÓN Y COPYRIGHT
Producción, publicación, distribución, fabricación y copyright Boston :
Nombre del de productor, editor, distribuidor, fabricante Brill;
Fecha de producción, publicación, distribución, fabricación o copyright 2016
300 ## - DESCRIPCIÓN FÍSICA
Extensión 178 páginas ;
Dimensiones 25 centímetros.
336 ## - TIPO DE CONTENIDO
Término de tipo de contenido text
Fuente rdacontent
337 ## - TIPO DE MEDIO
Nombre/término del tipo de medio unmediated
Fuente rdamedia
338 ## - TIPO DE SOPORTE
Nombre/término del tipo de soporte volume
Fuente rdacarrier
490 0# - MENCIÓN DE SERIE
Mención de serie Studia Judaeoslavica ;vVolume 8
504 ## - NOTA DE BIBLIOGRAFÍA, ETC.
Nota de bibliografía, etc. Bibliografía : páginas 161-172.
505 0# - NOTA DE CONTENIDO CON FORMATO
Nota de contenido con formato Acknowledgements; Abbreviations; Introduction -- Interpretation of the Two Goats' Imagery in Early Jewish and Christian Materials -- Cain and Abel -- Isaac and Ishmael -- Jacob and Esau -- Joseph; The Angel of the Divine Name and Satan in the Book of Zechariah -- Asael in the Book of the Watchers; Barabbas and Jesus in the Gospel of Matthew -- Jesus as the Immolated Goat in the Epistle to the Hebrews -- Jesus as the Scapegoat and the Immolated Goat in Second- and Third-Century Christian Materials -- Azazel as an Eschatological Scapegoat in the Apocalypse of Abraham -- The Sacerdotal Vision of the Slavonic ApocalypseThe Lot of Azazel -- The Crimson Band and the Placement of the Garment of Human Sins on Azazel -- The Ritual Maltreatment of the Scapegoat: Azazel's Accursing; Azazel's Exile into the Wilderness and the Abyss -- Goats to Azazel: The Antagonist as the Recipient of the Scapegoats -- Abraham as an Eschatological Goat for YHWH in the Apocalypse of Abraham -- Abraham as a Sacrificial Offering -- The Lot of God and Abraham; Yahoel's Right Hand -- The Garment of Abraham -- The Antagonistic Movements of the Goats: Abraham's Entrance in the Celestial Holy of HoliesAbraham's Fiery Trials -- Abraham as the Purification Offering for the Polluted Sanctuary.
526 ## - NOTA DE INFORMACIÓN SOBRE EL PROGRAMA DE ESTUDIO
Nombre del programa Segunda Especialidad En Profecías Bíblicas
526 ## - NOTA DE INFORMACIÓN SOBRE EL PROGRAMA DE ESTUDIO
Nombre del programa Segunda Especialidad En Nuevo Testamento
526 ## - NOTA DE INFORMACIÓN SOBRE EL PROGRAMA DE ESTUDIO
Nombre del programa Segunda Especialidad En Antiguo Testamento
526 ## - NOTA DE INFORMACIÓN SOBRE EL PROGRAMA DE ESTUDIO
Nombre del programa Segunda Especialidad En Estudios Adventistas
526 ## - NOTA DE INFORMACIÓN SOBRE EL PROGRAMA DE ESTUDIO
Nombre del programa Doctorado en teología
526 ## - NOTA DE INFORMACIÓN SOBRE EL PROGRAMA DE ESTUDIO
Nombre del programa Maestría en teología histórica
526 ## - NOTA DE INFORMACIÓN SOBRE EL PROGRAMA DE ESTUDIO
Nombre del programa Maestría en teología bíblica
526 ## - NOTA DE INFORMACIÓN SOBRE EL PROGRAMA DE ESTUDIO
Nombre del programa Maestría en teología
526 ## - NOTA DE INFORMACIÓN SOBRE EL PROGRAMA DE ESTUDIO
Nombre del programa Maestría en misionología
526 ## - NOTA DE INFORMACIÓN SOBRE EL PROGRAMA DE ESTUDIO
Nombre del programa Maestría en liderazgo eclesiástico
526 ## - NOTA DE INFORMACIÓN SOBRE EL PROGRAMA DE ESTUDIO
Nombre del programa Teología
596 ## -
-- 1
650 14 - PUNTO DE ACCESO ADICIONAL DE MATERIA--TÉRMINO DE MATERIA
Término de materia o nombre geográfico como elemento de entrada Apocalipsis de Abraham.
650 24 - PUNTO DE ACCESO ADICIONAL DE MATERIA--TÉRMINO DE MATERIA
Término de materia o nombre geográfico como elemento de entrada Chivo expiatorio.
650 24 - PUNTO DE ACCESO ADICIONAL DE MATERIA--TÉRMINO DE MATERIA
Término de materia o nombre geográfico como elemento de entrada Yom Kippur.
910 ## - DATOS DE OPCIÓN DEL USUARIO (OCLC)
Datos de opción del usuario dbm
-- ksl
-- ksl
-- 20180104
942 ## - ELEMENTOS DE ENTRADA SECUNDARIOS (KOHA)
Fuente del sistema de clasificación o colocación Clasificación Decimal Dewey
Tipo de ítem Koha
999 ## - NÚMEROS DE CONTROL DE SISTEMA (KOHA)
-- LC
-- 77919
-- 2021-11-9
-- 4
-- CCODEBUL1
-- BUL
-- 10.00
-- 0
-- Y
-- BOOK
-- 2018-1-4
-- TEOLOGIA
-- P85
-- COMPRA
-- .STAFF. Colección Teología
980 ## - EQUIVALENCIA O REFERENCIA-CRUZADA-MENCIÓN DE SERIE--NOMBRE DE PERSONA/TÍTULO [LOCAL, CANADÁ]
ID del último usuario que modificó el registro 1
Nombre del último usuario que modificó el registro ALBERTO SANCHEZ Responsable de Automatización
Existencias
Visto por última vez Número de inventario Total de préstamos Signatura topográfica completa Código de barras Copia número Coste, precio de reemplazo Fecha de reemplazo Facultad Tipo de ítem Koha Nota pública Estado de pérdida Fuente del sistema de clasificación o colocación Restricciones de uso No para préstamo Colección Programa académico Biblioteca de origen Biblioteca actual Ubicación en estantería Fecha de adquisición Fuente de adquisición Coste, precio normal de compra
2025-12-03 5   229.913 O69 77919 e1 15.00 2018-01-04   Libros físicos inventario-2023-12-13 No Perdido Clasificación Decimal Dewey No restringido Disponible para préstamos Colección General Maestría en teología Biblioteca CRAI UPeU Lima Biblioteca CRAI UPeU Lima Sala principal 2018-01-04 COMPRA 10.00